El cuaderno de Maya
Guardat en:
| Autor principal: | |
|---|---|
| Format: | Llibre |
| Idioma: | espanyol |
| Publicat: |
Buenos Aires
Sudamericana
2011
|
| Edició: | 1a. ed |
| Col·lecció: | Narrativa Latinoamericana
|
| Matèries: | |
| Etiquetes: |
Afegir etiqueta
Sense etiquetes, Sigues el primer a etiquetar aquest registre!
|
MARC
| LEADER | 00000cam a2200000 a 4500 | ||
|---|---|---|---|
| 001 | UCG9001 | ||
| 003 | CL-VaPUC | ||
| 008 | 120120e20110000AG |||||||||||||||||spa|d | ||
| 020 | |a 9789500735230 | ||
| 082 | 0 | 4 | |a Ch863 |b ALL |2 21 |
| 100 | |a Allende, Isabel, |d 1942- |e autora |9 318389 | ||
| 245 | 1 | 3 | |a El cuaderno de Maya |
| 250 | |a 1a. ed | ||
| 300 | |a 442 p | ||
| 942 | |c BK | ||
| 945 | |d 20120120 00:00:00 |a cmena | ||
| 260 | |a Buenos Aires |b Sudamericana |c 2011 | ||
| 650 | 0 | |a Novelas chilenas |9 265425 | |
| 650 | 0 | |a Literatura chilena |9 308278 | |
| 583 | |a last modification |c 20120120 10:38:00 |k Rodrigo Vera | ||
| 490 | 0 | |a Narrativa Latinoamericana | |
| 999 | |c 346586 |d 346584 | ||
| 952 | |0 0 |1 0 |4 0 |6 CH_863_000000000000000_ALL_2011 |7 0 |8 A |9 447329 |a FDOPOS |b BIBEDU |d 2019-11-22 |i 4814274 |l 3 |m 1 |o Ch863 ALL 2011 |p 4814274 |r 2023-06-08 |s 2023-05-26 |w 2019-11-22 |y BK |k DLH | ||
| 952 | |0 0 |1 0 |4 0 |6 CH_863_000000000000000_ALL_2011 |7 0 |8 A |9 447330 |a BIBING |b BIBING |d 2019-11-22 |i 4873696 |l 3 |o Ch863 ALL 2011 |p 4873696 |r 2025-01-20 |s 2024-03-18 |w 2019-11-22 |y BK |k CUI | ||
| 952 | |0 0 |1 0 |3 erb |4 0 |6 CH_863_000000000000000_ALL_2011 |7 0 |8 C |9 447331 |a BIBCUR |b BIBCUR |i 5430488 |l 1 |o Ch863 ALL 2011 |p 5430488 |r 2025-04-22 |s 2024-05-06 |w 2019-11-22 |y BK |z Catalogado en:20171020 |k CAC | ||